Análisis y desarrollo del programa de mantenimiento electromecánico : Sistema Hidroeléctrico de Birris (Jasec-Cartago)

محفوظ في:
التفاصيل البيبلوغرافية
المؤلف الرئيسي: Montero Sánchez, Pedro Antonio
التنسيق: كتاب
منشور في: San José, Costa Rica 1993
الموضوعات:
الوسوم: إضافة وسم
لا توجد وسوم, كن أول من يضع وسما على هذه التسجيلة!

MARC

LEADER 00000nam a2200000Ia 4500
003 006059
005 20221231144316.0
008 140114s1993 cr a m 000 ||s d
040 |c cru CEDI 
090 |a TFG 2742 
100 |a Montero Sánchez, Pedro Antonio  |9 12081 
245 |a Análisis y desarrollo del programa de mantenimiento electromecánico : Sistema Hidroeléctrico de Birris (Jasec-Cartago)  
260 |c 1993  |a San José, Costa Rica 
300 |a x, [189] hojas : ilustraciones ; 28 cm.  
500 |a  Proyecto de graduación (licenciatura en ingeniería mecánica)--Universidad de Costa Rica. Facultad de Ingeniería. Escuela de Ingeniería Mecánica 
650 |x MANTENIBILIDAD   |9 6497 
942 |c TFG 
999 |c 19933  |d 19933